| 000 | 00372nam a22001577a 4500 | ||
|---|---|---|---|
| 003 | OSt | ||
| 005 | 20250124094156.0 | ||
| 008 | 250124b |||||||| |||| 00| 0 eng d | ||
| 020 | _a978-93-550-1491-7 | ||
| 040 | _cIIMT UNIVERSITY | ||
| 100 | _aRAO, N SHANKAR | ||
| 245 | _aSAMAJSHASTRA SEM. I | ||
| 260 |
_aNEW DELHI _bS. CHAND _c2023 |
||
| 300 | _a173 | ||
| 942 |
_2ddc _c09 |
||
| 999 |
_c65114 _d65114 |
||